Language Quiz

Random Language or French Quiz

First 300 Words: The Stranger Quiz Stats

 Plays Quiz not verified by Sporcle

Challenge
Share
Tweet
Embed
Score 0/300 Timer 20:00
0 Plays Today
% Correct
à
91.3%
à
91.3%
à
91.3%
à
91.3%
à
91.3%
à
91.3%
à
91.3%
à
91.3%
a
91.3%
a
91.3%
a
91.3%
à
91.3%
à
91.3%
à
91.3%
le
84.3%
le
84.3%
la
84.3%
le
84.3%
la
84.3%
la
84.3%
le
84.3%
ma
83.5%
m'a
83.5%
je
82.6%
Je
82.6%
je
82.6%
je
82.6%
Je
82.6%
je
82.6%
je
82.6%
je
82.6%
je
82.6%
je
82.6%
et
78.3%
et
78.3%
et
78.3%
et
78.3%
et
78.3%
et
78.3%
et
78.3%
Et
78.3%
est
76.5%
est
76.5%
de
73.9%
de
73.9%
de
73.9%
de
73.9%
de
73.9%
de
73.9%
de
73.9%
de
73.9%
me
72.2%
me
72.2%
me
72.2%
me
72.2%
Ou
71.3%
pas.
71.3%
pas
71.3%
pas
71.3%
pas
71.3%
pas
71.3%
pas
71.3%
pas
71.3%
pas
71.3%
pas
71.3%
ne
70.4%
ne
70.4%
il
70.4%
ne
70.4%
il
70.4%
Il
70.4%
il
70.4%
il
70.4%
Il
70.4%
Il
70.4%
il
70.4%
ne
70.4%
les
68.7%
au
67.8%
au
67.8%
« Ce
67%
ce
67%
que
66.1%
que
66.1%
que
66.1%
« On
63.5%
maman
61.7%
morte.
61.7%
mon
61.7%
maman
61.7%
morte.
61.7%
sais
60.9%
un
60.9%
un
60.9%
peu
60.9%
suis
60.9%
un
60.9%
peu
60.9%
un
60.9%
suis
60.9%
% Correct
être
60%
être
60%
peut-
59.1%
peut-
59.1%
Mais
57.4%
En
57.4%
Mais
57.4%
en
57.4%
dit :
56.5%
dit :
56.5%
son
54.8%
une
53.9%
53.9%
Pour
53.9%
une
53.9%
une
53.9%
pour
53.9%
pour
53.9%
une
53.9%
pour
53.9%
du
53.9%
« Mère
53%
ai
53%
mère. »
53%
Aujourd'hui,
52.2%
J'ai
52.2%
J'ai
52.2%
J'ai
52.2%
J'ai
52.2%
J'ai
52.2%
moi
52.2%
J'ai
52.2%
J'ai
52.2%
dire.
51.3%
dire
51.3%
Ils
51.3%
ils
51.3%
rien
49.6%
lui
49.6%
lui
49.6%
lui
49.6%
lui
49.6%
hier,
48.7%
hier.
48.7%
n'est
48.7%
n'a
48.7%
n'a
48.7%
quand
46.1%
Quand
46.1%
quand
46.1%
comme
45.2%
comme
45.2%
veut
44.3%
c'est
44.3%
c'est
44.3%
deux
42.6%
deux
42.6%
deux
42.6%
tout
41.7%
tout
41.7%
tout
41.7%
tous
40%
ses
39.1%
demain.
38.3%
demain
38.3%
jours
38.3%
demain,
38.3%
mangé
38.3%
y
38.3%
aux
38.3%
Cela
37.4%
cela.
37.4%
très
37.4%
cela
37.4%
sans
36.5%
après-
36.5%
Après
36.5%
sans
36.5%
télégramme
35.7%
pensé
35.7%
reçu
34.8%
avec
34.8%
faute. »
34.8%
qu'il
33.9%
même
32.2%
décédée.
31.3%
Enterrement
31.3%
plus
31.3%
beaucoup
31.3%
parce
31.3%
n'était
30.4%
pris
30.4%
restaurant,
29.6%
parti,
29.6%
Marengo,
28.7%
demandé
28.7%
n'aurais
28.7%
m'ont
28.7%
C'était
27.8%
répondu.
27.8%
% Correct
C'était
27.8%
midi.
27%
chez
27%
qu'une
27%
chez
27%
dans
26.1%
patron
26.1%
l'enterrement,
25.2%
Céleste,
25.2%
Céleste
25.2%
heures
24.3%
congé
24.3%
condoléances.
24.3%
moment,
24.3%
heures.
24.3%
chaud.
24.3%
deuil.
23.5%
porte.
23.5%
alors
22.6%
peine
22.6%
quatre-
20.9%
l'après-
20%
pouvait
20%
content.
20%
doute
20%
verra
20%
accompagné
20%
mois.
20%
doute,
20%
kilomètres
19.1%
Ainsi,
19.1%
n'avait
19.1%
faisait
19.1%
avaient
19.1%
l'autobus
18.3%
soir.
18.3%
présenter
18.3%
l'autobus
18.3%
quelques
18.3%
prendrai
17.4%
pourrai
17.4%
refuser
17.4%
perdu
17.4%
oncle
17.4%
veiller
16.5%
l'air
16.5%
fera
16.5%
Cette
16.5%
cette
16.5%
vingts
15.7%
somme,
15.7%
d'habitude.
15.7%
d'Alger.
14.8%
noire
14.8%
fallu
13.9%
cravate
13.9%
excuse
13%
pareille.
13%
n'avais
12.2%
plutôt
12.2%
monte
12.2%
Emmanuel
12.2%
emprunter
12.2%
manquer
12.2%
pendant
12.2%
rentrerai
11.3%
aura
11.3%
étourdi
11.3%
J'étais
10.4%
sera
9.6%
départ.
9.6%
cause
9.6%
l'asile :
8.7%
L'asile
8.7%
dormi
8.7%
distingués. »
7.8%
couru
7.8%
presque
7.8%
Sentiments
7%
ciel,
7%
brassard.
6.1%
j'arriverai
4.3%
trajet.
4.3%
m'excuser.
3.5%
route
2.6%
vieillards
1.7%
assoupi.
1.7%
affaire
0.9%
hâte,
0.9%
course,
0.9%
contraire,
0%
classée
0%
revêtu
0%
allure
0%
officielle.
0%
ajouté
0%
cahots,
0%
l'odeur
0%
d'essence,
0%
réverbération
0%

You're not logged in!

Compare scores with friends on all Sporcle quizzes.
Join for Free
OR
Log In

You Might Also Like...

Show Comments

Extras

Top Quizzes Today


Score Distribution

Your Account Isn't Verified!

In order to create a playlist on Sporcle, you need to verify the email address you used during registration. Go to your Sporcle Settings to finish the process.

Report this User

Report this user for behavior that violates our Community Guidelines.

Details: